|
|
|
|
| LEADER |
00000nab a2200000 a 4500 |
| 001 |
vtls000694251 |
| 003 |
SK-MaSNL |
| 005 |
20260304235724.0 |
| 008 |
180206c1999 xo 0 slo |
| 015 |
|
|
|a SNBRB1999/05-14234
|
| 035 |
|
|
|a CLN000046418
|
| 040 |
|
|
|a SNKBUCL
|b slo
|c SNKBUCL
|e AACR2
|
| 041 |
0 |
|
|a slo
|
| 044 |
|
|
|a xo
|c SK
|
| 080 |
|
|
|a 634.8:632.952
|2 UDC-MRF-SK2
|
| 080 |
|
|
|a 632.952
|2 UDC-MRF-SK2
|
| 100 |
1 |
|
|a Števlík, Ján,
|c Ing
|4 aut
|9 248774
|
| 245 |
1 |
0 |
|a Využitie prípravkov s účinnou látkou folpet v ochrane proti plesni sivej
|c Ján Števlík
|
| 300 |
|
|
|b Graf
|
| 650 |
0 |
7 |
|a viniče
|2 snkbucl
|
| 650 |
0 |
7 |
|a peronospóra viniča
|2 snkbucl
|9 14843
|
| 650 |
0 |
7 |
|a folpet
|2 snkbucl
|9 1573551
|
| 650 |
0 |
7 |
|a fungicídy
|2 snkbucl
|9 15201
|
| 655 |
|
7 |
|a články z novín a časopisov
|2 snkbucl
|9 267496
|
| 773 |
0 |
|
|x 0042-6326
|t Vinohrad
|g Roč. 37, č. 2 (1999), s. 32
|
| 850 |
|
|
|a Slovenská národná knižnica v Martine
|
| 852 |
|
|
|a SNK
|b KIS3GCP
|
| 958 |
|
|
|a RBX
|
| 999 |
|
|
|c 3210174
|d 3212104
|